[Event "IX Open A"]
[Site "Genova ITA"]
[Date "2005.08.10"]
[Round "3"]
[White "Guanciale, Orazio"]
[Black "Di Paolo, Raffaele"]
[Result "1/2-1/2"]
[WhiteElo "2159"]
[BlackElo "2271"]
[PlyCount "84"]
[EventDate "2005.08.08"]

1.d4 Nf6 2.Nc3 d5 3.Bg5 e6 4.e4 dxe4 5.Nxe4 Be7 6.Bxf6 gxf6 7.g3 b6 8.Bg2 
c6 9.Nf3 Ba6 10.Qd2 Nd7 11.O-O-O Qc7 12.Kb1 O-O-O 13.Qc3 Bb7 14.Rhe1 h6 
15.Qb3 f5 16.Nc3 Kb8 17.Ne2 c5 18.d5 c4 19.Qe3 Bc5 20.Qf4 Bd6 21.Qh4 Bxd5 
22.Rxd5 exd5 23.Nc3 Qc5 24.Rd1 Ne5 25.Nd4 Bc7 26.f4 Ng4 27.Na4 Qd6 28.Nxf5
Qd7 29.Qxg4 Qxa4 30.Qf3 Rhe8 31.Nxh6 c3 32.Qxc3 Bxf4 33.gxf4 Qxf4 34.Qg3 
Qxg3 35.hxg3 Re2 36.Nxf7 Rd7 37.Bf1 Re3 38.Nh6 Rxg3 39.Nf5 Rg1 40.c3 Rf7 
41.Ne3 Rf3 42.Re1 Rxe3 1/2-1/2

[Event "IX Open A"]
[Site "Genova ITA"]
[Date "2005.08.10"]
[Round "3"]
[White "Lazic, Miroljub"]
[Black "Delorme, Axel"]
[Result "1-0"]
[WhiteElo "2485"]
[BlackElo "2174"]
[PlyCount "65"]
[EventDate "2005.08.08"]

1.Nf3 d5 2.b3 Bg4 3.e3 Nf6 4.Bb2 Nbd7 5.h3 Bh5 6.Be2 e6 7.d3 Bd6 8.Nbd2 c6
9.a3 a5 10.c4 h6 11.d4 O-O 12.Ne5 Bxe2 13.Qxe2 Bxe5 14.dxe5 Ne4 15.Nxe4 
dxe4 16.Rd1 Qc7 17.Rd6 Nc5 18.O-O f5 19.Bd4 Nxb3 20.c5 Qe7 21.a4 Nxd4 22.
exd4 Rad8 23.f3 exf3 24.Rxf3 Rxd6 25.cxd6 Qh4 26.Qc4 Kh8 27.Qxe6 Qxd4+ 28.
Kh2 f4 29.Qe7 Kg8 30.d7 g5 31.e6 Qd5 32.Qe8 Qd6 33.e7 1-0

[Event "IX Open A"]
[Site "Genova ITA"]
[Date "2005.08.10"]
[Round "3"]
[White "Madsen, Dag"]
[Black "Sanchez, Joseph"]
[Result "0-1"]
[WhiteElo "2285"]
[BlackElo "2452"]
[PlyCount "104"]
[EventDate "2005.08.08"]

1.Nf3 d5 2.d4 c6 3.c4 Nf6 4.e3 Bg4 5.cxd5 Nxd5 6.Be2 Nd7 7.e4 N5f6 8.Nc3 
e6 9.O-O Bb4 10.e5 Nd5 11.Bg5 f6 12.Nxd5 exd5 13.exf6 Nxf6 14.Qb3 Qe7 15.
a3 Ba5 16.Qa4 Bb6 17.Rae1 O-O 18.Bd3 Qf7 19.Ne5 Qh5 20.h4 Be6 21.Kh1 Ne4 
22.Bxe4 dxe4 23.Rxe4 Bd5 24.Rg4 h6 25.Be7 Rf5 26.Qd1 Re8 27.Bf6 g5 28.Kg1 
Re6 29.Rxg5+ Rxg5 30.hxg5 Qh4 31.Ng4 hxg5 32.Be5 Bd8 33.f3 Qh7 34.Qd2 Bc4 
35.Rc1 Bd5 36.Qc2 Qxc2 37.Rxc2 Rg6 38.Ne3 Be6 39.Rc1 Bb6 40.Kf2 Rh6 41.Kg3
Kf7 42.Nc4 Bxc4 43.Rxc4 Rh4 44.f4 Kg6 45.fxg5 Rh1 46.Rc2 Rd1 47.Kf3 Kxg5 
48.Ke4 Re1+ 49.Kd3 Kg4 50.Rf2 Rxe5 51.dxe5 Bxf2 52.e6 Bc5 0-1

[Event "IX Open A"]
[Site "Genova ITA"]
[Date "2005.08.10"]
[Round "3"]
[White "Maiorov, Nikita"]
[Black "Bontempi, Piero"]
[Result "1-0"]
[WhiteElo "2453"]
[BlackElo "2328"]
[PlyCount "91"]
[EventDate "2005.08.08"]

1.d4 d5 2.c4 Bf5 3.cxd5 Bxb1 4.Qa4+ c6 5.dxc6 Nxc6 6.Rxb1 Qxd4 7.Qxd4 Nxd4
8.e3 Nc6 9.b4 e6 10.a3 Nf6 11.Bb2 Bd6 12.Nf3 Ke7 13.g3 Rhd8 14.Bg2 g6 15.
Ke2 Nd5 16.Rhd1 Rac8 17.Rbc1 f6 18.Rd2 Rc7 19.Rdc2 Rdc8 20.Kd1 b5 21.Nd2 
Ne5 22.Rxc7+ Rxc7 23.Rxc7+ Bxc7 24.Ke2 a5 25.e4 Nb6 26.bxa5 Nbc4 27.Nxc4 
Nxc4 28.a6 Bb6 29.Bc3 Ne5 30.f4 Nd7 31.Kf3 Kd6 32.Bxf6 Nxf6 33.e5+ Ke7 34.
exf6+ Kxf6 35.Ke4 Ke7 36.Bf1 Kd6 37.Bxb5 Ba7 38.Bc4 Bb8 39.h4 Ba7 40.g4 
Bb8 41.g5 Ba7 42.Be2 Ke7 43.h5 gxh5 44.Bxh5 Bb8 45.Bd1 Ba7 46.Bc2 1-0

[Event "IX Open A"]
[Site "Genova ITA"]
[Date "2005.08.10"]
[Round "3"]
[White "Moncelli, Giorgio"]
[Black "Lanzani, Mario"]
[Result "0-1"]
[WhiteElo "2149"]
[BlackElo "2356"]
[PlyCount "84"]
[EventDate "2005.08.08"]

1.e4 e5 2.Nf3 Nc6 3.Bb5 Nf6 4.O-O Nxe4 5.d4 Be7 6.Re1 Nd6 7.Bxc6 dxc6 8.
dxe5 Nf5 9.Qxd8+ Bxd8 10.Nc3 h6 11.b3 Be7 12.Bb2 Bd7 13.Rad1 O-O-O 14.Ne4 
c5 15.Ng3 Nxg3 16.hxg3 Bf5 17.c4 Rxd1 18.Rxd1 Rd8 19.Rxd8+ Bxd8 20.Kf1 Kd7
21.e6+ Kxe6 22.Bxg7 h5 23.Ke2 c6 24.Bc3 b5 25.Nd2 a5 26.Ke3 b4 27.Bb2 Bc2 
28.f3 Bg5+ 29.Ke2 Kf5 30.f4 Bf6 31.Bxf6 Kxf6 32.Ke3 Kf5 33.Kf3 f6 34.Kf2 
a4 35.Kf3 a3 36.Kf2 Be4 37.Kf1 Bd3+ 38.Kf2 Kg4 39.Ke3 Bxc4 40.Nxc4 Kxg3 
41.Nd6 Kxg2 42.Ke4 h4 0-1

[Event "IX Open A"]
[Site "Genova ITA"]
[Date "2005.08.10"]
[Round "3"]
[White "Mrdja, Milan"]
[Black "Chatalbashev, Boris"]
[Result "0-1"]
[WhiteElo "2352"]
[BlackElo "2499"]
[PlyCount "72"]
[EventDate "2005.08.08"]

1.e4 g6 2.d4 Bg7 3.Nc3 d6 4.f4 Nf6 5.Nf3 O-O 6.Bd3 Na6 7.O-O c5 8.d5 Bg4 
9.a3 Nc7 10.Qe1 Bxf3 11.Rxf3 e6 12.dxe6 Nxe6 13.h3 Nd4 14.Rf2 Re8 15.Qf1 
b5 16.Be3 a6 17.Rd1 Nf5 18.exf5 Rxe3 19.fxg6 hxg6 20.Re2 Qe7 21.Rxe3 Qxe3+
22.Qf2 Qxf2+ 23.Kxf2 d5 24.Kf3 Re8 25.g4 d4 26.Ne4 Nd5 27.g5 Ne3 28.Re1 c4
29.Bf1 Rd8 30.c3 Nxf1 31.Rxf1 dxc3 32.bxc3 Bxc3 33.Kg4 Bb2 34.Rf3 Re8 35.
Nc5 c3 36.Rf2 Bxa3 0-1

[Event "IX Open A"]
[Site "Genova ITA"]
[Date "2005.08.10"]
[Round "3"]
[White "Rodriguez Alvarez, Alan"]
[Black "Ranola, Yves"]
[Result "0-1"]
[WhiteElo "2103"]
[BlackElo "2466"]
[PlyCount "54"]
[EventDate "2005.08.08"]

1.e4 c5 2.Nf3 Nc6 3.d4 cxd4 4.Nxd4 g6 5.Be3 Bg7 6.c4 Nf6 7.Nc3 d6 8.Be2 
O-O 9.O-O Bd7 10.Kh1 Nxd4 11.Bxd4 Bc6 12.Nd5 e5 13.Nxf6+ Qxf6 14.Bc3 Bxe4 
15.f4 Qe7 16.Qe1 Rfe8 17.c5 exf4 18.Bb5 Bxg2+ 19.Kxg2 Qg5+ 20.Kf3 Rxe1 21.
Raxe1 Bxc3 22.bxc3 Qxc5 23.c4 d5 24.Re5 a6 25.Bd7 Qxc4 26.Rd1 Qc3+ 27.Kxf4
Qc7 0-1

[Event "IX Open A"]
[Site "Genova ITA"]
[Date "2005.08.10"]
[Round "3"]
[White "Salvador, Roland"]
[Black "Golia, Franco"]
[Result "1-0"]
[WhiteElo "2416"]
[BlackElo "2139"]
[PlyCount "71"]
[EventDate "2005.08.08"]

1.d4 d5 2.Nf3 Nf6 3.c4 c6 4.Nc3 e6 5.Qc2 Nbd7 6.e3 Be7 7.g4 h6 8.Rg1 g5 9.
Bd2 b6 10.e4 dxe4 11.Nxe4 Nxe4 12.Qxe4 Bb7 13.O-O-O Qc7 14.c5 bxc5 15.dxc5
Bf6 16.h4 O-O-O 17.hxg5 hxg5 18.Bb4 Ne5 19.Rd6 Nxf3 20.Qxf3 Be5 21.Qa3 
Rxd6 22.cxd6 Qb6 23.Bc4 Qxf2 24.Rd1 Rd8 25.Kb1 Qf4 26.Ba6 Qe4+ 27.Bd3 Qxg4
28.Bc2 Bd4 29.Qd3 c5 30.Qc4 Bd5 31.Qa6+ Bb7 32.Qa5 Rxd6 33.Bxc5 Bxc5 34.
Qxc5+ Rc6 35.Qf8+ Kc7 36.Qd8# 1-0

[Event "IX Open A"]
[Site "Genova ITA"]
[Date "2005.08.11"]
[Round "4"]
[White "Astengo, Corrado"]
[Black "Marta, Daniele"]
[Result "1/2-1/2"]
[WhiteElo "2129"]
[BlackElo "2024"]
[PlyCount "67"]
[EventDate "2005.08.08"]

1.e4 e6 2.d4 d5 3.Nc3 Bb4 4.e5 c5 5.Bd2 Ne7 6.Nb5 Bxd2+ 7.Qxd2 O-O 8.f4 
cxd4 9.Nf3 Nec6 10.O-O-O a6 11.Nbxd4 Nxd4 12.Nxd4 Nc6 13.Nf3 Qa5 14.Qxa5 
Nxa5 15.Bd3 Nc6 16.Rhe1 b6 17.Kb1 a5 18.c3 Ba6 19.Bc2 Rac8 20.Nd4 Nxd4 21.
Rxd4 Rc4 22.Red1 Rxd4 23.Rxd4 f6 24.exf6 Rxf6 25.g3 h6 26.h4 Kf8 27.Kc1 
Ke7 28.Kd2 Kd6 29.Ke3 Rf8 30.Rd2 Rc8 31.Rf2 Rf8 32.Kd4 Bb5 33.Rf3 g5 34.
hxg5 1/2-1/2

[Event "IX Open A"]
[Site "Genova ITA"]
[Date "2005.08.11"]
[Round "4"]
[White "Bontempi, Piero"]
[Black "Madsen, Dag"]
[Result "0-1"]
[WhiteElo "2328"]
[BlackElo "2285"]
[PlyCount "72"]
[EventDate "2005.08.08"]

1.e4 Nf6 2.e5 Nd5 3.c4 Nb6 4.a4 a5 5.c5 Nd5 6.Nc3 Nb4 7.Nf3 d6 8.cxd6 exd6
9.Bc4 d5 10.Bb3 Nd3+ 11.Ke2 Nb4 12.d4 b6 13.Kf1 Be7 14.Kg1 O-O 15.h3 Be6 
16.Kh2 c5 17.Qe2 Qc8 18.Bg5 Bxg5 19.Nxg5 N8c6 20.Nf3 cxd4 21.Nb5 d3 22.Qd2
Qb8 23.Rhe1 Re8 24.Kg1 d4 25.Bxe6 Rxe6 26.Nbxd4 Nxd4 27.Nxd4 Rxe5 28.Qc3 
Rc5 29.Qb3 Qf8 30.Rad1 Rd8 31.Re4 h6 32.Rf4 Qe7 33.Nf3 Qd7 34.Ne1 Qd5 35.
Qxd5 Rdxd5 36.f3 d2 0-1

[Event "IX Open A"]
[Site "Genova ITA"]
[Date "2005.08.11"]
[Round "4"]
[White "Carzolio, Luigi"]
[Black "Natoli, Domenico"]
[Result "0-1"]
[WhiteElo "2034"]
[BlackElo "1982"]
[PlyCount "44"]
[EventDate "2005.08.08"]

1.f4 d5 2.Nf3 Nf6 3.e3 e6 4.b3 Be7 5.Bb2 O-O 6.Be2 c5 7.O-O Nc6 8.Bb5 Bd7 
9.Bxc6 Bxc6 10.Ne5 Qb6 11.c4 dxc4 12.Nxc4 Qd8 13.d3 b5 14.Ne5 Bb7 15.a4 b4
16.e4 a5 17.Nd2 Qc7 18.Ndc4 Rfd8 19.Qe2 Ne8 20.Qg4 Nf6 21.Qh3 Bf8 22.Nxf7 
Qxf7 0-1

[Event "IX Open A"]
[Site "Genova ITA"]
[Date "2005.08.11"]
[Round "4"]
[White "Chatalbashev, Boris"]
[Black "Mateo, Ramon"]
[Result "1-0"]
[WhiteElo "2499"]
[BlackElo "2434"]
[PlyCount "69"]
[EventDate "2005.08.08"]

1.d4 Nf6 2.Nf3 e6 3.Bg5 c5 4.e3 b6 5.d5 h6 6.Bxf6 Qxf6 7.Nc3 Bb7 8.Bc4 Be7
9.O-O O-O 10.e4 exd5 11.e5 Qf5 12.Nxd5 Bxd5 13.Qxd5 Nc6 14.c3 Rad8 15.Rad1
Na5 16.Bd3 Qe6 17.Qe4 f5 18.exf6 Qxe4 19.f7+ Kxf7 20.Bxe4 Bf6 21.Bd5+ Kg6 
22.Nd2 Rfe8 23.Ne4 Be7 24.f4 Nc6 25.Rd3 Rf8 26.g4 Kh7 27.Rh3 Rde8 28.f5 
Ne5 29.g5 c4 30.gxh6 gxh6 31.f6 Bc5+ 32.Nxc5 bxc5 33.Rg3 h5 34.f7 Rb8 35.
Be4+ 1-0

[Event "IX Open A"]
[Site "Genova ITA"]
[Date "2005.08.11"]
[Round "4"]
[White "Delorme, Axel"]
[Black "Mrdja, Milan"]
[Result "1/2-1/2"]
[WhiteElo "2174"]
[BlackElo "2352"]
[PlyCount "78"]
[EventDate "2005.08.08"]

1.e4 g6 2.d4 Bg7 3.Nc3 d6 4.f4 Nf6 5.Nf3 O-O 6.Be3 Na6 7.e5 Ng4 8.Qd2 Nxe3
9.Qxe3 Nb4 10.O-O-O c6 11.a3 Nd5 12.Nxd5 cxd5 13.Bd3 Rb8 14.h3 b5 15.b4 a5
16.Kb2 Qc7 17.g4 dxe5 18.fxe5 Bd7 19.c3 Ra8 20.Bc2 Ra6 21.Bb3 e6 22.g5 
Rfa8 23.Ra1 Qa7 24.Qe1 Bf8 25.h4 Qc7 26.Qd2 Qa7 27.Qc1 Be8 28.Qe1 Qb8 29.
Qd2 R8a7 30.Rhc1 Qa8 31.Qe1 Be7 32.Rd1 Bd7 33.Qg1 Qc8 34.Qe1 Kf8 35.Qd2 
Qa8 36.Qe1 Kg7 37.Rdc1 Qh8 38.Qh1 h6 39.Qg2 h5 1/2-1/2

[Event "IX Open A"]
[Site "Genova ITA"]
[Date "2005.08.11"]
[Round "4"]
[White "Di Paolo, Raffaele"]
[Black "Salvador, Roland"]
[Result "1-0"]
[WhiteElo "2271"]
[BlackElo "2416"]
[PlyCount "81"]
[EventDate "2005.08.08"]

1.e4 c5 2.Nf3 Nc6 3.Nc3 Nf6 4.Bb5 Qc7 5.O-O Nd4 6.Re1 a6 7.Bf1 e5 8.Nd5 
Nxd5 9.exd5 d6 10.c3 Nxf3+ 11.Qxf3 Be7 12.d4 O-O 13.Qg3 Bf6 14.dxc5 Qxc5 
15.c4 Bf5 16.a3 Qc7 17.Be3 e4 18.Rab1 Qe7 19.b4 Bg6 20.Bf4 Be5 21.Bxe5 
dxe5 22.c5 f5 23.f4 exf3 24.Qxf3 Qh4 25.Rbc1 e4 26.g3 Qf6 27.Qe3 f4 28.
gxf4 Qh4 29.Qg3 Qxf4 30.Qxf4 Rxf4 31.c6 bxc6 32.dxc6 Bf5 33.c7 Kf7 34.Rc6 
Bd7 35.Rb6 Ke7 36.Rb8 Rf8 37.Rxf8 Rxf8 38.Bxa6 Kd6 39.Rc1 Bc8 40.Bxc8 Rxc8
41.Kf2 1-0

[Event "IX Open A"]
[Site "Genova ITA"]
[Date "2005.08.11"]
[Round "4"]
[White "Ferreira, Paulo"]
[Black "Brancaleoni, Maurizio"]
[Result "0-1"]
[WhiteElo "2076"]
[BlackElo "2314"]
[PlyCount "73"]
[EventDate "2005.08.08"]

1.d4 c5 2.d5 g6 3.c4 Bg7 4.e4 d6 5.Nc3 e6 6.f4 Ne7 7.Nf3 O-O 8.Be2 exd5 9.
cxd5 a6 10.a4 Nd7 11.O-O h6 12.Be3 f5 13.Nd2 fxe4 14.g4 Nf6 15.Nc4 b6 16.
Bf2 Rb8 17.Ne3 Nh7 18.Ng2 Qd7 19.Qc2 Nf6 20.Ne3 Kh8 21.Rad1 b5 22.axb5 
axb5 23.b4 cxb4 24.Na2 Ra8 25.Nxb4 Bb7 26.g5 Nh7 27.Bg4 Nf5 28.Qxe4 Ra4 
29.Qb1 hxg5 30.fxg5 Nxg5 31.h4 Nf7 32.h5 Ne5 33.Bxf5 gxf5 34.Bg3 Qc8 35.
Bf4 Qc3 36.h6 Bf6 37.Qxf5 0-1

[Event "IX Open A"]
[Site "Genova ITA"]
[Date "2005.08.11"]
[Round "4"]
[White "Guido, Flavio"]
[Black "Manfredi, Vincenzo"]
[Result "1-0"]
[WhiteElo "2305"]
[BlackElo "2183"]
[PlyCount "53"]
[EventDate "2005.08.08"]

1.e4 c5 2.Nf3 Nc6 3.c3 d6 4.d4 Nf6 5.Bd3 cxd4 6.cxd4 g6 7.Nc3 Bg7 8.h3 O-O
9.O-O e5 10.dxe5 dxe5 11.Be3 Be6 12.Bb5 Na5 13.Bc5 Qxd1 14.Rfxd1 Rfc8 15.
Bd6 a6 16.Bf1 Nd7 17.Nd5 Bxd5 18.Rxd5 Nc4 19.b3 Nxd6 20.Rxd6 Nf8 21.Bc4 h6
22.Nh4 g5 23.Nf5 Rc7 24.Nxh6+ Bxh6 25.Rxh6 Rd8 26.Bd5 Kg7 27.Rb6 1-0

[Event "IX Open A"]
[Site "Genova ITA"]
[Date "2005.08.11"]
[Round "4"]
[White "Hendriks, Willy"]
[Black "Guanciale, Orazio"]
[Result "1-0"]
[WhiteElo "2415"]
[BlackElo "2159"]
[PlyCount "47"]
[EventDate "2005.08.08"]

1.e4 e6 2.d4 d5 3.e5 c5 4.c3 Qb6 5.Nf3 Bd7 6.Be2 Nc6 7.O-O cxd4 8.cxd4 
Nge7 9.Nc3 Nf5 10.Na4 Qd8 11.a3 Be7 12.g4 Nh4 13.Nxh4 Bxh4 14.f4 Be7 15.
Be3 h5 16.gxh5 Bf8 17.Bf2 Ne7 18.Nc5 Bc6 19.b4 b6 20.Na6 Nf5 21.Rc1 Rc8 
22.Rxc6 Rxc6 23.Bb5 Ne7 24.Qa4 1-0

[Event "IX Open A"]
[Site "Genova ITA"]
[Date "2005.08.11"]
[Round "4"]
[White "Lanzani, Mario"]
[Black "Barsov, Alexei"]
[Result "1/2-1/2"]
[WhiteElo "2356"]
[BlackElo "2530"]
[PlyCount "44"]
[EventDate "2005.08.08"]

1.e4 e6 2.d4 d5 3.Nc3 Bb4 4.e5 c5 5.a3 Bxc3+ 6.bxc3 Ne7 7.Nf3 Qc7 8.h4 h6 
9.Bd3 b6 10.h5 Ba6 11.dxc5 Qxc5 12.Bd2 Bc4 13.O-O Nbc6 14.Re1 O-O-O 15.a4 
Kb8 16.Qb1 Ka8 17.Qb2 Rd7 18.Nd4 Bxd3 19.cxd3 Nf5 20.Nxf5 exf5 21.e6 fxe6 
22.Rxe6 Rc8 1/2-1/2

[Event "IX Open A"]
[Site "Genova ITA"]
[Date "2005.08.11"]
[Round "4"]
[White "Marinelli, Gian Marco"]
[Black "Lucchese, Paolo"]
[Result "1-0"]
[WhiteElo "2000"]
[BlackElo "2014"]
[PlyCount "49"]
[EventDate "2005.08.08"]

1.e4 d5 2.exd5 Nf6 3.d4 Nxd5 4.c4 Nb6 5.Nc3 g6 6.c5 Nd5 7.Bc4 c6 8.Qb3 e6 
9.Nf3 Nxc3 10.bxc3 Bg7 11.Bf4 O-O 12.O-O Nd7 13.Bd6 Re8 14.Nd2 Nf6 15.Bd3 
Nd5 16.Rab1 b5 17.Nf3 Bd7 18.c4 bxc4 19.Qxc4 Bc8 20.Ne5 Bxe5 21.Bxe5 f6 
22.Bd6 Qa5 23.Rfc1 Qd2 24.Qc2 Qa5 25.Bxg6 1-0

[Event "IX Open A"]
[Site "Genova ITA"]
[Date "2005.08.11"]
[Round "4"]
[White "Martinez, Rolly"]
[Black "Lazic, Miroljub"]
[Result "0-1"]
[WhiteElo "2421"]
[BlackElo "2485"]
[PlyCount "132"]
[EventDate "2005.08.08"]

1.e4 e5 2.Nf3 Nc6 3.Bb5 Nge7 4.d4 exd4 5.Nxd4 Ng6 6.O-O Bc5 7.Nf5 O-O 8.
Qh5 d6 9.Bg5 f6 10.Bd2 Nge5 11.Nc3 g6 12.Nh6+ Kg7 13.Qd1 Nd4 14.Ba4 f5 15.
exf5 Qh4 16.Kh1 Nxf5 17.Nxf5+ Rxf5 18.g3 Qh3 19.f3 Rxf3 20.Bf4 Rxf1+ 21.
Qxf1 Ng4 22.Qxh3 Nf2+ 23.Kg2 Bxh3+ 24.Kf3 Rf8 25.Ke2 Bg4+ 26.Kd2 Nh3 27.
Be3 Bxe3+ 28.Kxe3 Rf3+ 29.Kd4 Be6 30.Ne4 c5+ 31.Nxc5 dxc5+ 32.Kxc5 Rf2 33.
Kd6 Bf5 34.Kc7 Bxc2 35.Bxc2 Rxc2+ 36.Kxb7 Rxb2+ 37.Kxa7 Ng5 38.a4 Rxh2 39.
a5 Ne4 40.Kb6 Rb2+ 41.Kc6 Rc2+ 42.Kb6 Nd6 43.a6 Kf6 44.g4 Kg5 45.Rh1 h6 
46.Rh3 Nc4+ 47.Kb7 Rb2+ 48.Kc7 Ra2 49.Kb7 Nd6+ 50.Kb6 Nf7 51.Rc3 Kxg4 52.
Rc4+ Kf3 53.Rc3+ Ke4 54.Rc4+ Kf3 55.Rc3+ Kg4 56.Rc4+ Kh5 57.Rc5+ g5 58.Ra5
Re2 59.a7 Re8 60.Kb7 Kh4 61.Rc5 Nd6+ 62.Ka6 Ra8 63.Rc6 Nc8 64.Rxh6+ Kg3 
65.Kb7 Rxa7+ 66.Kxc8 g4 0-1

[Event "IX Open A"]
[Site "Genova ITA"]
[Date "2005.08.11"]
[Round "4"]
[White "Radice, Luca"]
[Black "Grattarola, Fabio"]
[Result "0-1"]
[WhiteElo "2100"]
[BlackElo "1994"]
[PlyCount "46"]
[EventDate "2005.08.08"]

1.d4 Nf6 2.c4 g6 3.Nc3 Bg7 4.e4 d6 5.f4 O-O 6.Nf3 c5 7.d5 b5 8.cxb5 a6 9.
a4 axb5 10.Bxb5 Ba6 11.Bxa6 Nxa6 12.O-O Qb6 13.Qe2 Nb4 14.Kh1 Rfc8 15.Be3 
Nd7 16.Ra3 Qa6 17.Qf2 Nd3 18.Qh4 Nxb2 19.Kg1 Nc4 20.Nb5 Nxa3 21.Nxa3 Qd3 
22.Bc1 Bf6 23.Ng5 Bd4+ 0-1

[Event "IX Open A"]
[Site "Genova ITA"]
[Date "2005.08.11"]
[Round "4"]
[White "Ranola, Yves"]
[Black "Delorme, Alban"]
[Result "0-1"]
[WhiteElo "2466"]
[BlackElo "2254"]
[PlyCount "48"]
[EventDate "2005.08.08"]

1.c4 e6 2.g3 Nf6 3.Bg2 d5 4.Nf3 Be7 5.O-O O-O 6.Qc2 Nbd7 7.d4 dxc4 8.Qxc4 
c5 9.Rd1 cxd4 10.Nxd4 Qb6 11.Nc3 Rd8 12.Bf4 e5 13.Nf5 Bf8 14.Be3 Qxb2 15.
Qc7 Re8 16.Rac1 Nb6 17.Nd6 Bxd6 18.Rxd6 Bf5 19.Bxb7 Rab8 20.Ba6 Qa3 21.Bb7
Rxb7 22.Qxb7 Qxd6 23.Qxa7 Nbd5 24.Rd1 Qc6 0-1

[Event "IX Open A"]
[Site "Genova ITA"]
[Date "2005.08.11"]
[Round "4"]
[White "Rotoni, Matteo"]
[Black "Kilpatrick, Callum"]
[Result "0-1"]
[WhiteElo "2133"]
[BlackElo "2042"]
[PlyCount "108"]
[EventDate "2005.08.08"]

1.e4 c5 2.d4 cxd4 3.c3 dxc3 4.Nxc3 e6 5.Nf3 Nc6 6.Bc4 Qc7 7.Qe2 Nf6 8.e5 
Ng4 9.Bf4 d5 10.exd6 Bxd6 11.Nb5 Bb4+ 12.Bd2 Qe7 13.O-O-O O-O 14.Bg5 f6 
15.Bf4 Na5 16.Bd3 e5 17.Bg3 Be6 18.Kb1 a6 19.Nc3 Bxc3 20.bxc3 Rfc8 21.h3 
Nh6 22.Rc1 b5 23.Nd2 Qa3 24.Ne4 Rd8 25.Rhd1 Nc4 26.f3 Rab8 27.Bxc4 bxc4+ 
28.Ka1 Rxd1 29.Rxd1 Nf5 30.Be1 Ne3 31.Rb1 Rxb1+ 32.Kxb1 Nf5 33.f4 Qa5 34.
g4 Nd6 35.fxe5 Qxe5 36.Ng3 Qxe2 37.Nxe2 h5 38.Nd4 Bd7 39.gxh5 Bxh3 40.Ne2 
Bg4 41.Nf4 Kh7 42.Kb2 Kh6 43.Ka3 Kg5 44.Nd5 Kxh5 45.Kb4 Bf3 46.Kc5 Ne4+ 
47.Kxc4 g5 48.Kd4 g4 49.c4 Kg5 50.c5 g3 51.Bxg3 Nxg3 52.c6 Nf5+ 53.Kc5 
Bxd5 54.Kxd5 Ne7+ 0-1

[Event "IX Open A"]
[Site "Genova ITA"]
[Date "2005.08.11"]
[Round "4"]
[White "Sibille, Ettore"]
[Black "Roatta, Luca"]
[Result "0-1"]
[WhiteElo "2006"]
[BlackElo "2200"]
[PlyCount "62"]
[EventDate "2005.08.08"]

1.c4 Nf6 2.Nc3 c6 3.e4 d5 4.exd5 cxd5 5.d4 Nc6 6.Nf3 e6 7.c5 Be7 8.Bb5 O-O
9.Bxc6 bxc6 10.Ne5 Qc7 11.Bf4 Qb7 12.O-O Bd7 13.Rb1 Rfc8 14.b4 Be8 15.a4 
a6 16.a5 Bd7 17.Na4 Rf8 18.Nb6 Rad8 19.Rb3 Be8 20.Rh3 Kh8 21.g4 Ne4 22.f3 
Ng5 23.Bxg5 Bxg5 24.f4 Bf6 25.g5 Bxe5 26.fxe5 f6 27.gxf6 gxf6 28.exf6 Bg6 
29.Qe2 Bf5 30.Rh6 Rxf6 31.Qe5 Qg7+ 0-1

[Event "IX Open A"]
[Site "Genova ITA"]
[Date "2005.08.12"]
[Round "5"]
[White "Barsov, Alexei"]
[Black "Aldrovandi, Costantino"]
[Result "1-0"]
[WhiteElo "2530"]
[BlackElo "2251"]
[PlyCount "85"]
[EventDate "2005.08.08"]

1.d4 Nf6 2.c4 g6 3.Nf3 Bg7 4.g3 O-O 5.Bg2 d6 6.O-O c6 7.Nc3 Bg4 8.h3 Bxf3 
9.Bxf3 Na6 10.Rb1 Qd7 11.g4 d5 12.cxd5 cxd5 13.Kg2 e6 14.h4 Rac8 15.h5 Rc4
16.e3 b5 17.g5 Ne8 18.Be2 Nd6 19.Bxc4 dxc4 20.a3 Nc7 21.h6 Bh8 22.e4 e5 
23.d5 a5 24.f3 f6 25.gxf6 a4 26.Rf2 Bxf6 27.Qh1 Qe7 28.Qh3 Bh4 29.Rf1 g5 
30.Be3 Rf6 31.Qg4 Rg6 32.Rh1 Nce8 33.Na2 Kf7 34.Nb4 Nf6 35.Qe6+ Qxe6 36.
dxe6+ Kxe6 37.Rbd1 Rxh6 38.Rxh4 Rxh4 39.Bxg5 Rf4 40.Bxf4 exf4 41.Nd5 Nxd5 
42.Rxd5 h6 43.Rc5 1-0

[Event "IX Open A"]
[Site "Genova ITA"]
[Date "2005.08.12"]
[Round "5"]
[White "Brancaleoni, Maurizio"]
[Black "Di Paolo, Raffaele"]
[Result "0-1"]
[WhiteElo "2314"]
[BlackElo "2271"]
[PlyCount "128"]
[EventDate "2005.08.08"]

1.d4 Nf6 2.c4 g6 3.Nc3 Bg7 4.e4 d6 5.Nge2 O-O 6.Ng3 Nc6 7.d5 Ne5 8.Be2 c6 
9.O-O cxd5 10.exd5 a6 11.Be3 Bd7 12.Qb3 h5 13.h3 h4 14.Nh1 Bf5 15.Bg5 Nfd7
16.Bxh4 Nc5 17.Qd1 Qb6 18.Qd2 Bd3 19.Bxd3 Ncxd3 20.b3 Rfe8 21.Bg5 Nc5 22.
Rab1 Rac8 23.Ng3 Qb4 24.Nce4 Qxd2 25.Bxd2 Nxe4 26.Nxe4 b5 27.f4 Nd3 28.
cxb5 axb5 29.Rf3 Nc5 30.Nxc5 Rxc5 31.Rd3 Ra8 32.a3 Rc2 33.Rc1 Rc5 34.Be3 
Rxc1+ 35.Bxc1 Rc8 36.Bd2 Ra8 37.Bb4 Bb2 38.Rd2 Bc1 39.Re2 Ra7 40.Ra2 Bxf4 
41.a4 bxa4 42.bxa4 e6 43.Kf2 exd5 44.a5 Be5 45.Ke3 Ra6 46.Rd2 f5 47.Rxd5 
Kf7 48.Rb5 Ke6 49.Kd3 Rc6 50.Rb8 Kd7 51.Rb7+ Ke6 52.Bd2 d5 53.Bb4 Bf6 54.
Rb6 Rxb6 55.axb6 Kd7 56.Bc3 Be7 57.Ke3 Kc6 58.Kf4 Kxb6 59.Ke5 Kc5 60.Ke6 
Bd8 61.Kf7 g5 62.Ke6 Kc4 63.Be1 f4 64.Kf5 Kd3 0-1

[Event "IX Open A"]
[Site "Genova ITA"]
[Date "2005.08.12"]
[Round "5"]
[White "Capurro, Giuliano"]
[Black "Marinelli, Gian Marco"]
[Result "1-0"]
[WhiteElo "2092"]
[BlackElo "2000"]
[PlyCount "51"]
[EventDate "2005.08.08"]

1.e4 e5 2.Nf3 Nc6 3.Bc4 Bc5 4.d4 Bxd4 5.c3 Bb6 6.b4 d6 7.a4 a5 8.b5 Nb8 9.
Nxe5 Qf6 10.Nf3 Bg4 11.e5 Qe7 12.O-O dxe5 13.Ba3 Bc5 14.Bxc5 Qxc5 15.Bxf7+
Kxf7 16.Ng5+ Ke7 17.Qxg4 Qb6 18.Re1 Nd7 19.Nf3 Qf6 20.Na3 Nh6 21.Qe4 b6 
22.Nc4 Nf7 23.Ne3 Qg6 24.Nf5+ Kf6 25.Qc6+ Nd6 26.Nxd6 1-0

[Event "IX Open A"]
[Site "Genova ITA"]
[Date "2005.08.12"]
[Round "5"]
[White "Delorme, Alban"]
[Black "Guido, Flavio"]
[Result "1-0"]
[WhiteElo "2254"]
[BlackElo "2305"]
[PlyCount "41"]
[EventDate "2005.08.08"]

1.e4 c5 2.Nf3 e6 3.d4 cxd4 4.Nxd4 a6 5.Bd3 Nf6 6.Qe2 d6 7.c4 Qc7 8.O-O 
Nbd7 9.f4 Nc5 10.Nc3 Nxd3 11.Qxd3 Be7 12.b3 O-O 13.Bb2 Rb8 14.Kh1 Bd7 15.
Rae1 Rfd8 16.e5 Ne8 17.Ne4 b5 18.Qg3 bxc4 19.exd6 Bxd6 20.Nf5 c3 21.Nf6+ 
1-0

[Event "IX Open A"]
[Site "Genova ITA"]
[Date "2005.08.12"]
[Round "5"]
[White "Delorme, Axel"]
[Black "Hendriks, Willy"]
[Result "1/2-1/2"]
[WhiteElo "2174"]
[BlackElo "2415"]
[PlyCount "86"]
[EventDate "2005.08.08"]

1.e4 d6 2.d4 Nf6 3.Nc3 g6 4.f4 Bg7 5.Nf3 O-O 6.Be3 Nbd7 7.Bd3 e5 8.fxe5 
dxe5 9.dxe5 Ng4 10.Bg5 Qe8 11.Qd2 c6 12.O-O-O Nc5 13.Kb1 b5 14.h3 Nxe5 15.
Qe3 Na4 16.Nxa4 bxa4 17.Qc5 Rb8 18.Nxe5 Qxe5 19.Qxe5 Bxe5 20.b3 Be6 21.Be7
Rfe8 22.Bc5 a5 23.Rhf1 axb3 24.cxb3 a4 25.b4 a3 26.Rc1 Red8 27.Rfd1 Rd7 
28.Be2 Rxd1 29.Rxd1 Bc3 30.Kc2 Bg7 31.Rd3 Bb2 32.Kb1 h5 33.Rd6 Bc3 34.Rxc6
Bxb4 35.Rb6 Rxb6 36.Bxb6 Kf8 37.Bd4 Ke7 38.g4 hxg4 39.hxg4 Kd6 40.Bd1 Bc4 
41.Bb3 Bd3+ 42.Bc2 Be2 43.Bb3 Bd3+ 1/2-1/2

[Event "IX Open A"]
[Site "Genova ITA"]
[Date "2005.08.12"]
[Round "5"]
[White "Fossati, Remigio"]
[Black "Hocevar, Nikola"]
[Result "1-0"]
[WhiteElo "2133"]
[BlackElo "2093"]
[PlyCount "89"]
[EventDate "2005.08.08"]

1.e4 c5 2.c3 d5 3.exd5 Qxd5 4.d4 Nc6 5.Nf3 e6 6.Be2 cxd4 7.cxd4 Nf6 8.Nc3 
Qa5 9.O-O Be7 10.Be3 O-O 11.a3 a6 12.b4 Qd8 13.Rc1 Bd7 14.Qb3 Bd6 15.Rfd1 
Qe7 16.Bg5 h6 17.Bh4 Bf4 18.Rc2 g5 19.Bg3 Bxg3 20.hxg3 Rfd8 21.Rcd2 Be8 
22.Qb1 Kg7 23.Ne4 Nd5 24.Rc1 Rac8 25.Qb2 f6 26.Nc5 Nb8 27.Re1 Bf7 28.Bd3 
Re8 29.Rde2 Rc6 30.Bc4 Rd8 31.Qb3 Qc7 32.Nd2 Qc8 33.b5 Rb6 34.a4 axb5 35.
axb5 Rbd6 36.Nde4 Rb6 37.Na4 Qc7 38.Rc2 Nc6 39.Bxd5 Rxd5 40.Nxb6 Qxb6 41.
Qf3 Nd8 42.Qxf6+ Kh7 43.Rc8 Bg8 44.Rec1 Nf7 45.R1c7 1-0

[Event "IX Open A"]
[Site "Genova ITA"]
[Date "2005.08.12"]
[Round "5"]
[White "Frilli, Guido"]
[Black "Bontempi, Piero"]
[Result "0-1"]
[WhiteElo "2120"]
[BlackElo "2328"]
[PlyCount "62"]
[EventDate "2005.08.08"]

1.e4 c5 2.Nf3 d6 3.c3 Nf6 4.Be2 Nbd7 5.d3 b6 6.O-O Bb7 7.Nbd2 g6 8.d4 cxd4
9.cxd4 Bg7 10.e5 dxe5 11.dxe5 Nd5 12.e6 fxe6 13.Ng5 Nc7 14.Bf3 Bd5 15.Re1 
O-O 16.Qc2 Rc8 17.a4 Ne5 18.Be4 Nb5 19.Qb1 Nd4 20.Ra3 Qc7 21.Rc3 Qd6 22.
Rh3 h6 23.Ngf3 Bxe4 24.Qxe4 Ndxf3+ 25.Nxf3 Nd3 26.Bxh6 Nxe1 27.Nxe1 Rf5 
28.Nd3 Bxh6 29.Rxh6 Rc1+ 30.Ne1 Qe5 31.Rxg6+ Kf7 0-1